IRRI research highlights / (Record no. 14321)

000 -LEADER
fixed length control field 00471cas a2200157 a 4500
040 ## - CATALOGING SOURCE
Transcribing agency GUA
082 ## - DEWEY DECIMAL CLASSIFICATION NUMBER
Classification number 366 LNS 1989 A067 Or.
245 00 - TITLE STATEMENT
Title IRRI research highlights /
246 3# - VARYING FORM OF TITLE
Title proper/short title International Rice Research Institute research highlights
246 17 - VARYING FORM OF TITLE
Title proper/short title IRRI highlights
260 ## - PUBLICATION, DISTRIBUTION, ETC. (IMPRINT)
Place of publication Los Ba©łos, Laguna, Philippines :
Name of publisher The Institute,
Year of publication 1989
300 ## - PHYSICAL DESCRIPTION
Number of Pages v. :
Other physical details col. ill. ;
Dimensions 23 cm
650 #0 - SUBJECT ADDED ENTRY--TOPICAL TERM
Topical Term Rice
710 2# - ADDED ENTRY--CORPORATE NAME
Corporate name or jurisdiction name as entry element International Rice Research Institute
942 ## - ADDED ENTRY ELEMENTS (KOHA)
Koha item type សៀវភៅភាសាអង់គ្លេស
952 ## - LOCATION AND ITEM INFORMATION (KOHA)
Withdrawn status [LOCAL, KOHA] 0
Holdings
Permanent Location Date acquired Koha item type Lost status Shelving location Barcode Current Location Full call number
Library Block A2017-10-12សៀវភៅភាសាអង់គ្លេស A067A15602Library Block A366 LNS 1989 A067 Or.
មជ្ឈមណ្ឌលឯការនៃសាកលវិទ្យាល័យភូមិន្ទកសិកម្មចំការដូង

Powered by Koha